Plodnosť žien na Slovensku v medzivojnovom období
Základné charakteristiky pôrodnosti a plodnosti v rokoch 1920-1937. Charakteristiky časovania plodnosti. Postavenie Slovenska z hľadiska plodnosti v medzivojnovej Európe. Plodnosť podľa legitimity narodeného dieťaťa. Diferenčná analýza plodnosti. Kohortná analýza plodnosti.
Saved in:
| Main Author: | |
|---|---|
| Other Authors: | |
| Format: | Book Chapter |
| Language: | Slovak |
| Subjects: | |
| Tags: |
No Tags, Be the first to tag this record!
|
MARC
| LEADER | 00000naa$a2200000$$$4500 | ||
|---|---|---|---|
| 001 | 0116416 | ||
| 005 | 20220503134636.5 | ||
| 041 | 0 | |a slo | |
| 044 | |a CZ | ||
| 245 | 1 | 0 | |a Plodnosť žien na Slovensku v medzivojnovom období |c Branislav Šprocha, Pavol Tišliar |
| 520 | |a Základné charakteristiky pôrodnosti a plodnosti v rokoch 1920-1937. Charakteristiky časovania plodnosti. Postavenie Slovenska z hľadiska plodnosti v medzivojnovej Európe. Plodnosť podľa legitimity narodeného dieťaťa. Diferenčná analýza plodnosti. Kohortná analýza plodnosti. | ||
| 610 | 2 | 0 | |a demografia |
| 610 | 2 | 0 | |a populácia |
| 610 | 2 | 0 | |a pôrodnosť |
| 610 | 2 | 0 | |a reprodukcia obyvateľstva |
| 610 | 2 | 0 | |a ženy |
| 610 | 2 | 0 | |a vek |
| 610 | 2 | 0 | |a Slovensko |
| 610 | 2 | 0 | |a Európa |
| 610 | 2 | 0 | |a analýzy |
| 100 | 1 | |a Šprocha, Branislav | |
| 700 | 1 | |a Tišliar, Pavol | |